| 000 | 00835nam a2200253 a 4500 | ||
|---|---|---|---|
| 001 | adlib96000001 | ||
| 003 | ViArRB | ||
| 005 | 200902210153555.7 | ||
| 008 | 960221s1955 dcuabcdjdbkoqu001 0deng d | ||
| 020 | _a9780763746315 | ||
| 022 | _a | ||
| 040 | _aAdlib | ||
| 082 | _a512.64 | ||
| 245 | _aLinear algebra: with applications | ||
| 250 | _a | ||
| 260 |
_aSudbury _bJones and Bartlett publishers _c2008 |
||
| 300 |
_axvi, 544p. _c |
||
| 500 | _a | ||
| 100 |
_aWilliams Gareth _e |
||
| 700 |
_a _a |
||
| 942 | _cBK | ||
| 653 |
_aMathematics _aNumber theory _aSet theory _aGroup theory _aAlgebra _aNumber theory _aProbabilities _aGroup theory _aLinear algebra _anumerical linear algebra _aVector spaces |
||
| 952 |
_w2010-06-16 _p00061723 _r2012-11-02 _40 _00 _bUL _m1 _10 _o512.64 WIL _d2010-06-16 _70 _yBK _s2012-09-17 _l9 _aUL |
||
| 999 |
_c55133 _d55132 |
||